|
|
|
|
| LEADER |
00733nam a2200265 4500 |
| 001 |
DLU090069741 |
| 005 |
##20090518 |
| 040 |
# |
# |
|a DLU
|b eng
|
| 041 |
# |
# |
|a eng
|
| 044 |
# |
# |
|a UK
|
| 100 |
# |
# |
|a Watts, Andrew.
|
| 245 |
# |
# |
|a Balzac avant Balzac :
|b book review /
|c Andrew Watts.
|
| 653 |
# |
# |
|a Balzac, Honore de, 1799-1850
|
| 653 |
# |
# |
|a Criticism
|
| 653 |
# |
# |
|a Interpretation
|
| 773 |
# |
# |
|t French Studies
|g Vol. 62, no. 3 (July 2008), p. 345-346
|
| 920 |
# |
# |
|a Phòng Tạp chí -- Trung tâm Thông tin - Thư viện Trường Đại học Đà Lạt
|
| 994 |
# |
# |
|a DLU
|
| 900 |
# |
# |
|a True
|
| 911 |
# |
# |
|a Trương Bảo Trâm Anh
|
| 925 |
# |
# |
|a G
|
| 926 |
# |
# |
|a A
|
| 927 |
# |
# |
|a BB
|
| 980 |
# |
# |
|a Thư viện Trường Đại học Đà Lạt
|